00532 2200229 4500001002100000005001500021035002000036008004100056245003700097300002400134020001800158082000800176084001400184260003400198650001000232990001000242990001000252990001000262990001000272990001000282990001000292INLIS00000000000000520260226091337 a0010-1123000005231121 0 ind  aTaman Sunyi Sekala /cAida Vyasa ax, 294 hlm ;c21 cm a979-33-0301-8 a813 a813 AID t aSolo :bTiga Serangkai,c2006 4aFiksi a1.041 a1.042 a1.043 a1.044 a1.045 a1.046